00423nam a2200169Ia 4500003000400000005001700004008004100021020001800062040000700080041000800087082001500095100001700110245005600127260004500183300001200228365001300240OSt20230419092125.0210423s2009 xx 000 0 und d a9788178814039 cAL aeng a820.8 SYMJ aSYMONDS (J). aEnglish victorian literature: critical assessments. aNew DelhibCyber Tech Publicationsc2009 a296bPB b800cINR